| 000 | 00812nam a22002177a 4500 | ||
|---|---|---|---|
| 999 |
_c159387 _d159387 |
||
| 005 | 20181215144934.0 | ||
| 010 | _aENG-124543 | ||
| 020 |
_c495.00 _a9789352808502 |
||
| 035 | _a EN-108075 | ||
| 037 | _bDBAD/PUB. | ||
| 082 | _a155.2 | ||
| 100 | _aKartikeyan V. | ||
| 245 |
_aDiscover the alchemist within: _cby Kartikeyan V.; Rachna Nandakumar [and] Vishwanath P. _btaking the first step towards personal growth / |
||
| 260 |
_aNew Delhi _bSage Publications India Pvt. Ltd. _c2018 |
||
| 270 |
_aB1/I-1, Mohan Cooperative Industrial Area Mathura Road Post Bag 7 _bNew Delhi _e110044 |
||
| 300 |
_axvii,242p. _c21cm.(pbk) _bill.picture |
||
| 500 | _aIt includes bibliography and about the author | ||
| 700 | _aRachna Nandakumar | ||
| 700 | _aVishwanath P. | ||
| 942 |
_2ddc _cEN _mKAR _h155.2 |
||